LIBRARY & INFORMATION CENTRE, KCAET, TAVANUR

ONLINE PUBLIC ACCESS CATALOGUE (OPAC)

Advances in soil borne plant diseases / (Record no. 13354)

MARC details
000 -LEADER
fixed length control field 00467cam a2200181ua 4500
041 ## - LANGUAGE CODE
Language code of text/sound track or separate title eng
082 ## - DEWEY DECIMAL CLASSIFICATION NUMBER
Classification number 632.3
Item number NAI/AD
100 ## - MAIN ENTRY--AUTHOR NAME
Personal name Naik, M K .
245 ## - TITLE STATEMENT
Title Advances in soil borne plant diseases /
260 ## - PUBLICATION, DISTRIBUTION, ETC. (IMPRINT)
Place of publication New Delhi :
Name of publisher New India Publishing Agency ,
Year of publication 2008.
300 ## - PHYSICAL DESCRIPTION
Number of Pages ; .
700 1# - ADDED ENTRY--PERSONAL NAME
Personal name Devikarani, G S .
942 ## - ADDED ENTRY ELEMENTS (KOHA)
Koha item type Books
Holdings
Withdrawn status Lost status Damaged status Home library Current library Date acquired Full call number Accession Number Koha item type
      KAUAET KAUAET 07/04/2012 632.3 21579 Books
free website counter